Irregular Plurals Quiz Stats

 Plays Quiz Updated Jul 13, 2017

Support Sporcle.
Go Orange.
Score 0/20 Timer 01:30
0 Plays Today
% Correct
ves
88.9%
ves
87.5%
en
86.5%
ice
84%
i
82%
ves
80.7%
i
79.3%
en
78.8%
a
72.8%
es
71.6%
% Correct
es
69.8%
a
68.1%
e
66.8%
e
62.1%
a
61.8%
x
57.4%
ces
53.8%
ce
51.1%
ces
47.1%
era
25.5%

You're not logged in!

Compare scores with friends on all Sporcle quizzes.
OR
Log In
Forgot?

From the Vault

Multi-Category Letter Board X

by Purple_Parrot

Anything can be a letter board if you have enough stickers or magnets.
Remove Ads.
Support Sporcle.
Get the best of Sporcle when you Go Orange. This ad-free experience offers more features, more stats, and more fun while also helping to support Sporcle. Thank you for becoming a member.

Show Comments

Extras

Top Quizzes Today


Score Distribution

Your Account Isn't Verified!

In order to create a playlist on Sporcle, you need to verify the email address you used during registration. Go to your Sporcle Settings to finish the process.

Report this User

Report this user for behavior that violates our Community Guidelines.

Details: